Educación popular y política en América Latina : reflexiones /
Gardado en:
| Autor Principal: | |
|---|---|
| Formato: | Libro |
| Idioma: | Lingua castelá |
| Series: | (Educación Popular y Democracia ;
2) |
| Temas: | |
| Etiquetas: |
Sen Etiquetas, Sexa o primeiro en etiquetar este rexistro!
|
MARC
| LEADER | 00000nam^a2200000^a^4500 | ||
|---|---|---|---|
| 001 | 000392577 | ||
| 005 | 20250526000000.0 | ||
| 009 | 20260310121245.375 | ||
| 037 | |a Acervo ITESO - Biblioteca | ||
| 041 | |a ESP | ||
| 082 | |a 361. 80980 |b TAP | ||
| 100 | |a Tapia Zoko, Gonzalo |e (autor) | ||
| 245 | 1 | 0 | |a Educación popular y política en América Latina : |b reflexiones / |c G. Tapia Soko. |
| 264 | |a Santiago, Chile : |b Consejo de Educación de Adultos de América Latina, |c 1989 | ||
| 300 | |a 23 p. ; |c 24.0 cm. | ||
| 440 | 1 | |a (Educación Popular y Democracia ; |v 2) | |
| 649 | |a XX | ||
| 650 | |a Organizaciones No Gubernamentales - |z Latinoamérica | ||
| 650 | |a Democracia - |z Latinoamérica | ||
| 650 | |a Política - |z Latinoamérica | ||
| 650 | |a Educación y Promoción Popular - |z Latinoamérica - |x Tema Principal | ||
| 650 | |a Educación y Política - |z Latinoamérica | ||
| 650 | |a Latinoamérica - |x Condiciones Sociales y Culturales | ||
| 650 | |a Latinoamérica - |x Condiciones Políticas | ||
| 910 | |a Fondo Carlos Núñez Hurtado | ||
| 920 | |a Impresos - Libros | ||
| 930 | |a Libros Antiguos y Raros | ||
| 905 | |a 108 | ||
| 901 | |a 0500287533 |b IT2 |c LRA |i D81328 |u 20250526 | ||
| 902 | |a https://opac.biblio.iteso.mx/vufind/Record/000392577 | ||